000 00932nam a2200277 a 4500
003 MX-MxUPN
005 20241001063845.0
008 991125s1932 sp fr 000 0 spa d
035 _aUPN01000008581
040 _aMX-MxUPN
_bspa
_cMX-MxUPN
041 _aspa
_hfre
050 4 _aLB1620
_bH9.28
100 1 _aHuguenin, Elisabeth
_953304
245 1 3 _aLa coeducación de sexos :
_bexperiencias y reflexiones
250 _aPrimera edición
260 _aMadrid :
_bEspasa-Calpe :
_bEdiciones de la Lectura
_c1932.
300 _a193 páginas
490 0 _aCiencia y educación. Educadores
650 7 _aCoeducación
_9442
700 1 _930643
_aComas, Juan,
_d1900-1979
_etraducción
710 2 _aInstituto Nacional de Pedagogía (México)
_epropietario anterior
_928088
710 2 _951335
_aMuseo Pedagógico Nacional (México)
_epropietario anterior
902 _bMaríaRobles/280824
905 _aLibro
942 _2lcc
_cLIBRO
_n0
999 _c8581
_d8581